Slimy Stuarts (Record no. 1300)
[ view plain ]
| 000 -LEADER | |
|---|---|
| fixed length control field | 01088cam a2200265 i 4500 |
| 005 - DATE AND TIME OF LATEST TRANSACTION | |
| control field | 20240206150437.0 |
| 020 ## - INTERNATIONAL STANDARD BOOK NUMBER | |
| International Standard Book Number | 9781407104294 |
| 040 ## - CATALOGING SOURCE | |
| Original cataloging agency | UKM |
| Language of cataloging | eng |
| Transcribing agency | UKM |
| Modifying agency | OCLCG |
| -- | OCLCQ |
| -- | OCLCO |
| -- | OCLCF |
| -- | OCLCQ |
| -- | DLC |
| Description conventions | rda |
| 050 00 - LIBRARY OF CONGRESS CALL NUMBER | |
| Classification number | DA375.D37 |
| 082 04 - DEWEY DECIMAL CLASSIFICATION NUMBER | |
| Classification number | 941.06 |
| 100 1# - MAIN ENTRY--PERSONAL NAME | |
| Personal name | Deary, Terry |
| 245 10 - TITLE STATEMENT | |
| Title | Slimy Stuarts |
| Statement of responsibility, etc. | Deary, Terry Illustrated by Brown, Martin |
| 250 ## - EDITION STATEMENT | |
| Edition statement | This edition published in 2007 |
| 260 ## - PUBLICATION, DISTRIBUTION, ETC. | |
| Name of publisher, distributor, etc. | Scholastic, |
| Place of publication, distribution, etc. | London : |
| Date of publication, distribution, etc. | 1971 |
| 300 ## - PHYSICAL DESCRIPTION | |
| Extent | 140 pages : |
| Other physical details | illustrations ; |
| Dimensions | 20 cm |
| 490 1# - SERIES STATEMENT | |
| Series statement | Horrible histories |
| 520 ## - SUMMARY, ETC. | |
| Summary, etc. | Readers can discover all the foul facts about the SLIMY STUARTS, including why some slimy Stuarts ate toads, snails and fleas, which king picked his nose and never washed his hands and why people wore fish on their feet (bleeugh!). |
| 650 #7 - SUBJECT ADDED ENTRY--TOPICAL TERM | |
| Topical term or geographic name entry element | Manners and customs. |
| Source of heading or term | fast |
| Authority record control number or standard number | (OCoLC)fst01007815 |
| 655 #7 - INDEX TERM--GENRE/FORM | |
| Genre/form data or focus term | History. |
| Source of term | fast |
| Authority record control number or standard number | (OCoLC)fst01411628 |
| 655 #7 - INDEX TERM--GENRE/FORM | |
| Genre/form data or focus term | Juvenile works. |
| Source of term | fast |
| Authority record control number or standard number | (OCoLC)fst01411637 |
| 700 1# - ADDED ENTRY--PERSONAL NAME | |
| Personal name | Brown, Martin |
| Dates associated with a name | 1959- |
| Relator term | illustrator |
| 906 ## - LOCAL DATA ELEMENT F, LDF (RLIN) | |
| a | 7 |
| b | cbc |
| c | copycat |
| d | 2 |
| e | ncip |
| f | 20 |
| g | y-gencatlg |
| 942 ## - ADDED ENTRY ELEMENTS (KOHA) | |
| Source of classification or shelving scheme | Dewey Decimal Classification |
| Koha item type | Books |
| Suppress in OPAC | No |
| 999 ## - | |
| -- | 1300 |
| -- | 1300 |
| Withdrawn status | Lost status | Source of classification or shelving scheme | Damaged status | Not for loan | Collection | Home library | Current library | Shelving location | Date acquired | Total Checkouts | Full call number | Barcode | Date last seen | Date last checked out | Copy number | Price effective from | Koha item type |
|---|---|---|---|---|---|---|---|---|---|---|---|---|---|---|---|---|---|
| Dewey Decimal Classification | Non-Fiction | Footprints International School Library Network Toul Kork Campus | Footprints International School Library Network Toul Kork Campus | TTP Secondary Non-Fiction Bookshelves | 08/11/2023 | 1 | DEA 941.06 DA375.D37 | FIS05402 | 03/06/2024 | 01/10/2024 | 1 | 08/11/2023 | Books | ||||
| Dewey Decimal Classification | Non-Fiction | Footprints International School Library Network Toul Kork Campus | Footprints International School Library Network Toul Kork Campus | 02/06/2024 | DEA 941.06 DA375.D37 | FISTKG4A043 | 02/06/2024 | 2 | 02/06/2024 | Books |
